Určování stáří a pohlaví nepěvců /

Hlavní autor: Hájek, Vladislav
Korporativní autor: Okresní vlastivědné muzeum J.A. Komenského (Přerov, Česko)
Jazyk: Čeština
Vydáno: Praha : Státní zemědělské nakladatelství, 1984-1985
Vydání: 1. vyd.
Fyzický popis: 2 sv.
Odebírané svazky: 1-2
Knihy
Uloženo v:
LEADER 01156nam a22003012aa4500
001 000890105
003 CZ BrMZK
005 20100930103953.0
007 ta
008 080319m19841985xr a er|||||||||||cze d
015 |a cnb000122850 
035 |a (OCoLC)85551706 
040 |a ABA001  |b cze  |d ABA001 
080 9 |a 598 
100 1 |a Hájek, Vladislav  |7 jn19981001502  |4 aut 
245 1 0 |a Určování stáří a pohlaví nepěvců /  |c Vladislav Hájek 
250 |a 1. vyd. 
260 |a Praha :  |b Státní zemědělské nakladatelství,  |c 1984-1985 
300 |a 2 sv. 
504 |a Obsahuje bibliografii 
505 0 0 |a 1. 1984. 146 s .-- 2. 1985. 143 s. 
550 |a Vydavatel: Okresní vlastivěné muzeum J. A. Komenského v Přerově, Moravské ornitologické sdružení 
710 2 |a Okresní vlastivědné muzeum J.A. Komenského (Přerov, Česko)  |7 ko2003171952 
910 |a BOA001  |b 2-0872.549  |s 1-2 
990 |a BK 
991 |b 200803 
996 7 |b 2619250920  |c 2-0872.549  |d 2.  |v 2  |l MZK  |r Sklad / do 1 hodiny  |n 4  |w 000890105  |u 000020  |a 1  |e BOA001  |j MZK50  |s A 
996 7 |b 2619251979  |c 2-0872.549  |d 1.  |v 1  |l MZK  |r Sklad / do 1 hodiny  |n 4  |w 000890105  |u 000010  |a 1  |e BOA001  |j MZK50  |s A